000 00776nmc a2200265 a 4500
003 AR-BaBNM
005 20251128211258.0
008 093120s1999 ||||||||||||||000 | spa||
020 _a950-860-079-9
040 _cAR-BaBNM
245 1 0 _aEl árbol de la copla
_bantología de coplas populares argentinas
260 _aBuenos Aires
_bEdiciones Instituto Movilizador de Fondos Cooperativos C.L.
_c1999
300 _a126 p.
490 0 _aDesde la gente
_vv. 59
504 _aContiene referencias bibliográficas
650 4 _aLITERATURA ARGENTINA
650 4 _aANTOLOGIAS
650 4 _aFOLKLORE
650 4 _aTRADICION ORAL
650 4 _aLITERATURA POPULAR
655 _aLITERATURA
700 1 _aCastilla, Leopoldo
_eprologuista
942 _cBK
998 _cmartin
999 _c18974
_d18974